Анализ энергетической эффективности региона с помощью когнитивного подхода; Молодежь и современные информационные технологии

Bibliographic Details
Parent link:Молодежь и современные информационные технологии.— 2012.— [С. 206-207]
Main Author: Силич М. П.
Corporate Authors: Национальный исследовательский Томский политехнический университет (ТПУ) Институт кибернетики (ИК) Кафедра оптимизации систем управления (ОСУ), Национальный исследовательский Томский политехнический университет (ТПУ) Институт кибернетики (ИК) Отдел развития образовательных технологий (ОРОТ)
Other Authors: Силич В. А., Вахитов А. Р. Александр Робертович
Summary:Заглавие с титульного экрана
Language:Russian
Published: 2012
Series:Информационные и интеллектуальные системы
Subjects:
Online Access:http://www.lib.tpu.ru/fulltext/c/2012/C04/080.pdf
Format: Electronic Book Chapter
KOHA link:https://koha.lib.tpu.ru/cgi-bin/koha/opac-detail.pl?biblionumber=609941

MARC

LEADER 00000naa2a2200000 4500
001 609941
005 20260330135910.0
035 |a (RuTPU)RU\TPU\conf\7496 
035 |a RU\TPU\conf\7495 
090 |a 609941 
100 |a 20141216d2012 k y0rusy50 ca 
101 0 |a rus 
102 |a RU 
135 |a drcn ---uucaa 
181 0 |a i  
182 0 |a b 
200 1 |a Анализ энергетической эффективности региона с помощью когнитивного подхода  |f М. П. Силич, В. А. Силич, А. Р. Вахитов 
203 |a Текст  |c электронный 
225 1 |a Информационные и интеллектуальные системы 
300 |a Заглавие с титульного экрана 
320 |a [Библиогр.: с. 207 (2 назв.)] 
337 |a Adobe Reader 
463 0 |0 (RuTPU)RU\TPU\conf\6944  |t Молодежь и современные информационные технологии  |o сборник трудов X Международной научно-практической конференции студентов, аспирантов и молодых ученых, г. Томск, 13-16 ноября 2012 г.  |f Национальный исследовательский Томский политехнический университет (ТПУ) ; под ред. Е. А. Сикоры и др.  |v [С. 206-207]  |d 2012 
610 1 |a труды учёных ТПУ 
610 1 |a электронный ресурс 
610 1 |a энергетическая эффективность 
610 1 |a когнитивный подход 
610 1 |a экономика 
610 1 |a Россия 
610 1 |a энергосбережение 
700 1 |a Силич  |b М. П. 
701 1 |a Силич  |b В. А. 
701 1 |a Вахитов  |b А. Р.  |c специалист в области информатики и вычислительной техники  |c аспирант Томского политехнического университета  |f 1984-  |g Александр Робертович  |3 (RuTPU)RU\TPU\pers\25540 
712 0 2 |a Национальный исследовательский Томский политехнический университет (ТПУ)  |b Институт кибернетики (ИК)  |b Кафедра оптимизации систем управления (ОСУ)  |3 (RuTPU)RU\TPU\col\18702 
712 0 2 |a Национальный исследовательский Томский политехнический университет (ТПУ)  |b Институт кибернетики (ИК)  |b Отдел развития образовательных технологий (ОРОТ)  |3 (RuTPU)RU\TPU\col\20020 
801 2 |a RU  |b 63413507  |c 20141223  |g RCR 
856 4 |u http://www.lib.tpu.ru/fulltext/c/2012/C04/080.pdf 
942 |c BK